000 00529nam a2200181Ia 4500
005 20250326123931.0
008 250326s9999 xx 000 0 und d
037 _aTextbook
040 _aFMSL
_beng
_cFMSL
041 _aeng
_2eng
084 _aT:3(X:8).2 L3
_qFMSL
100 _aChandrakant L S
_9736426
245 0 _aManagement education and trining in India
_cChandrakant L S
260 _aBombay
_bBombay, D B Taraporevaka
_c1973
300 _a91p
942 _cTB
_hT:3(X:8).2 L3
999 _c1271546
_d1271546